000
00325nam a2200133 a 4500
005
20140414093835.0
008
030611s19uu xx 00 eng d
050
_a
CDR 512
_b
MUL 1995 L-II
245
_a
Multimedia algebra II.
650
_a
Interactive videos.
650
_a
Mathematics.
942
_c
AVM
999
_c
108984
_d
108984